000 00412nam a2200193Ia 4500
008 240510s9999 xx 000 0 und d
020 _a0008173662207
041 _aEng
082 _a006.74
082 _bP65
100 _aAnderson,R(et-al)
245 0 _aProfessional XML
260 _bWrox Press: Birmingham
260 _c2000
300 _a1169 p.
650 _aXML
942 _2ddc
942 _cRBK
999 _c27310
_d27310
945 _a1
_bMadushi Gamage
_c1
_dMadushi Gamage